MARC

LEADER 00000nam0a2200000 4500
001 78414
005 20231101213005.0
010 |a 5943871020 
035 |a (RuTPU)RU\TPU\book\84037 
090 |a 78414 
100 |a 20050621d2005 m y0rusy50 ca 
101 0 |a rus 
102 |a RU 
105 |a a z 001zy 
200 1 |a 500 схем для радиолюбителей. Источники питания  |f А. П. Семьян 
210 |a СПб.  |c Наука и техника  |d 2005 
215 |a 408 с.  |c ил. 
225 2 |a Радиолюбитель 
320 |a Библиогр.: с. 405-408. 
606 1 |a Радиоаппаратура  |x Электропитание  |2 stltpush  |3 (RuTPU)RU\TPU\subj\22475  |9 47226 
610 1 |a радиоэлектронная аппаратура 
610 1 |a питание 
610 1 |a стабилизаторы напряжения 
610 1 |a преобразователи напряжения 
610 1 |a напряжение 
610 1 |a импульсные блоки 
610 1 |a бестрансформаторные блоки 
610 1 |a вспомогательные устройства 
610 1 |a нестандартные схемные решения 
610 1 |a схемы 
610 1 |a сетевое напряжение 
610 1 |a конструкции 
610 1 |a питание 
675 |a 621.396.6:621.311.6  |v 3 
700 1 |a Семьян  |b А. П. 
801 1 |a RU  |b 63413507  |c 20050621  |g PSBO 
801 2 |a RU  |b 63413507  |c 20160902  |g PSBO 
942 |c BK 
959 |a 11/20050209  |d 1  |e 102  |f НФ:1